00000000nam 2200000zi 4500
0019.953010
003CaOODSP
00520250818125825
006m     o  d f      
007cr cn|||||||||
008250708t20252025onc     ob   f000 0 eng d
020 |a9780660780627
040 |aCaOODSP|beng|erda|cCaOODSP
043 |an-cn---
0861 |aCS3226-0005/2025-1E-PDF
24504|aThe Open Database of Greenhouses metadata document : |bconcepts, methodology and data quality, 2025.
250 |aVersion 2.0.
264 1|a[Ottawa] : |bStatistics Canada = Statistique Canada, |c2025.
264 4|c©2025
300 |a1 online resource (14 pages)
336 |atext|btxt|2rdacontent
337 |acomputer|bc|2rdamedia
338 |aonline resource|bcr|2rdacarrier
500 |aCover title.
500 |a"Release date: August 18, 2025."
500 |aIssued also in French under title: Base de données ouverte des serres document de métadonnées : concepts, méthodologie et qualité des données, 2025.
504 |aIncludes bibliographical references.
650 0|aGeodatabases|zCanada.
7102 |aStatistics Canada, |eissuing body.
77508|tBase de données ouverte des serres document de métadonnées : |w(CaOODSP)9.953011
85640|qPDF|s251 KB|uhttps://publications.gc.ca/collections/collection_2025/statcan/CS3226-0005-2025-1-eng.pdf
8564 |qHTML|sN/A|uhttps://www150.statcan.gc.ca/n1/pub/32-26-0005/322600052025001-eng.htm